=LDR 00000nam 2200000 4500 =001 INLIS000000000049278 =005 20170207100353.0 =006 =007 =008 =020 ##$$a 978-602-622315-9 =035 ##$$0010-021700000000070 =040 ##$$a NBPDMAT =082 ##$$a 345 =090 ##$$a 345 Nis h =100 ##$$a Nisfawati Laili Jalillah =245 ##$$a Hukum pidana : Pokok - pokok hukum pidana dan perkembangan dalam pembaharuan hukum pidana nasional / $c Nisfawati Laili jadilah , SH .I, M.H , Drs , Ma,ruf , M . Ag =260 ##$$a Mataram : $b IAIN mataram , $c 2015 =300 ##$$a IX , 169 hlm . ; $c 23 cm =500 ##$$a Bibliografi : hlm .167 - 169 =650 ##$$a HUKUM PIDANA =700 ##$$a Ma,ruf